Indian Constitution and Government: (Record no. 182987)

MARC details
000 -LEADER
fixed length control field 00602 a2200181 4500
005 - DATE AND TIME OF LATEST TRANSACTION
control field 20211214101121.0
010 ## - LCCN (DPL NO)
LC control number ENG-130291
020 ## - INTERNATIONAL STANDARD BOOK NUMBER
Terms of availability 1095.00
International Standard Book Number 978-93-82974-84-0
035 ## - SYSTEM CONTROL NUMBER
System control number EN-113823
037 ## - SOURCE OF ACQUISITION
Source of stock number/acquisition DBAD / PUB
082 ## - DEWEY DECIMAL CLASSIFICATION NUMBER
Classification number 320
100 ## - MAIN ENTRY--PERSONAL NAME
Personal name Prasad, R.N.
245 ## - TITLE STATEMENT
Title Indian Constitution and Government:
Statement of responsibility, etc R.N. Prasad
260 ## - PUBLICATION, DISTRIBUTION, ETC. (IMPRINT)
Name of publisher, distributor, etc Navyug Books International
Date of publication, distribution, etc 2018
Place of publication, distribution, etc New Delhi
270 ## - ADDRESS
Electronic mail address npd.books@gmail.com
Address K-129, 1st Floor, 3 1/2, Pusta, Near Gree Vells School, Gautam Vihar
City Delhi
Postal code 110053
300 ## - PHYSICAL DESCRIPTION
Extent v, 292p.
Dimensions 22cm (hbk)
942 ## - ADDED ENTRY ELEMENTS (KOHA)
Institution code [OBSOLETE] dpl
Item type English Books
Source of classification or shelving scheme Dewey Decimal Classification
Classification part 320
Call number suffix PAR
Holdings
Withdrawn status Lost status Not for loan Collection code Home library Current library Date acquired Source of acquisition Cost, normal purchase price Full call number Barcode Copy number Koha item type
      Non-fiction Shahdara Branch Shahdara Branch 14/12/2021 DBAD/PUB 1095.00 320 PAR EN-113823 1 English Books

© Delhi Public Library
Hit Counter
free hit counter